00988nam a2200217 i 4500001000300000245025300003260004500256300005100301504003400352650002700386650002500413650004400438655002900482700003000511020002900541040000800570041000700578080004600585008004100631856009800672bg00aAwarie budowlane :bXVIII Konferencja naukowo-techniczna, Szczecin - Międzyzdroje 19-22 maja 1997 : referaty.nT. 2 /c[oprac. red. materiałów konferencyjnych Maria Kaszyńska] ; Politechnika Szczecińska. Wydział Budowictwa i Architektury. aSzczecin :bWydaw. Uczelniane PS,c1997. aS. 427-891 :bfot., pl., rys., wykr. ;c24 cm. aBibliogr. przy ref. - Indeks. 9aGeologia inżynierska 9aKatastrofy budowlane 9aKonstrukcje budowlanexbezpieczeństwo aMateriały konferencyjne1 aKaszyńska, Maria.eRed. a8386359846 (całość) cBPK0 apl a624.01/.07+69.059:614.8:624.131.2/.6](06) s pl f |000 0 pol  uhttp://koha.tu.koszalin.pl/cgi-bin/koha/opac-detail.pl?biblionumber=31660yKatalog online BPK